000
00323nam a2200133Ia 4500
008
230312s9999||||xx |||||||||||||| ||und||
020
_a
978-1938461071
082
_a
704.94896
_b
GOR-K
100
_a
Gorlin;Alexander
245
0
_a
Kabbalah in Art and Architecture
260
_c
2013
650
_a
Architecture
942
_c
BK
999
_c
14610
_d
14610